[Event "Canadian op U2000"]
[Site "Windsor"]
[Date "2016.07.12"]
[Round "3.26"]
[White "Zhou, Aiden"]
[Black "Cashin, Ken"]
[Result "1-0"]
[WhiteElo "1847"]
[BlackElo "1837"]
[PlyCount "53"]
[EventDate "2016.07.10"]
[EventType "swiss"]
[EventRounds "9"]
[EventCountry "CAN"]
[SourceTitle "EXT 2022"]
[Source "ChessBase"]
[SourceDate "2021.10.06"]
[SourceVersion "1"]
[SourceVersionDate "2021.10.06"]
[SourceQuality "1"]

1. d4 Nf6 2. Bg5 c5 3. Bxf6 gxf6 4. d5 Qb6 5. Qc1 d6 6. Nf3 Na6 7. Nbd2 Bg7 8. c3 0-0 9. e3 Bf5 10. Be2 Rfe8 11. e4 Bg4 12. Nc4 Qc7 13. Qf4 Bh5 14. g4 Bg6 15. h4 e6 16. Qe3 h5 17. Nh2 hxg4 18. Nxg4 f5 19. exf5 Bxf5 20. Nh6+ Bxh6 21. Qxh6 Qe7 22. Rg1+ Bg6 23. h5 Qh4 24. Nxd6 Qh2 25. Rxg6+ fxg6 26. Qxg6+ Kh8 27. Nf7# 1-0

[Event "Halifax Maritime op"]
[Site "Halifax"]
[Date "2012.10.08"]
[Round "6"]
[White "Cashin, Ken"]
[Black "Pentz, Brian"]
[Result "1/2-1/2"]
[WhiteElo "1754"]
[BlackElo "1902"]
[PlyCount "56"]
[EventDate "2012.10.06"]
[EventType "swiss"]
[EventRounds "6"]
[EventCountry "CAN"]
[SourceTitle "EXT 2022"]
[Source "ChessBase"]
[SourceDate "2021.10.06"]
[SourceVersion "1"]
[SourceVersionDate "2021.10.06"]
[SourceQuality "1"]

1. d4 f5 2. Nf3 Nf6 3. Bf4 e6 4. e3 Be7 5. h3 0-0 6. c3 d6 7. Bd3 Qe8 8. 0-0 Nbd7 9. Nbd2 Bd8 10. Bh2 Kh8 11. e4 fxe4 12. Nxe4 e5 13. Nxf6 gxf6 14. Re1 Qh5 15. Qc2 Rg8 16. Bg3 Nf8 17. Rad1 Bxh3 18. gxh3 Qxf3 19. Be4 Qh5 20. Kh2 c6 21. dxe5 dxe5 22. Bf5 Rg5 23. Rxe5 Bc7 24. Bg4 Qf7 25. Rxg5 fxg5 26. Qf5 Bxg3+ 27. fxg3 Qxf5 28. Bxf5 Re8 1/2-1/2

[Event "Halifax Bluenose op"]
[Site "Halifax"]
[Date "2008.02.24"]
[Round "4"]
[White "Pentz, Brian"]
[Black "Cashin, Ken"]
[Result "1/2-1/2"]
[WhiteElo "1840"]
[BlackElo "1752"]
[PlyCount "65"]
[EventDate "2008.02.22"]
[EventType "swiss"]
[EventRounds "5"]
[EventCountry "CAN"]
[SourceTitle "EXT 2011"]
[Source "ChessBase"]
[SourceDate "2010.11.26"]
[SourceVersion "1"]
[SourceVersionDate "2010.11.26"]
[SourceQuality "1"]

1. f4 e5 2. fxe5 d6 3. Nf3 Nc6 4. e4 dxe5 5. Bb5 Bd7 6. 0-0 Bc5+ 7. Kh1 Qe7 8. c3 Nf6 9. b4 Bb6 10. d3 0-0 11. Bg5 a5 12. bxa5 Rxa5 13. c4 Bg4 14. Bxc6 bxc6 15. Nbd2 Bd4 16. Bxf6 gxf6 17. Nb3 Bxa1 18. Nxa5 Bc3 19. Nb3 Ra8 20. Qc2 Qb4 21. h3 Be6 22. Nh4 Kg7 23. Qf2 Qe7 24. Nc1 Bd4 25. Nf5+ Bxf5 26. Qxf5 Qe6 27. Qh5 Be3 28. Ne2 Bf4 29. Nxf4 exf4 30. Rxf4 Rxa2 31. Rg4+ Kf8 32. Qh6+ Ke7 33. Qe3 1/2-1/2